French to English Country Names - Statistics

General Stats
  • This quiz has been taken 306 times
  • The average score is 19 of 21
Answer Stats
French English % Correct
Espagne Spain
98%
Suisse Switzerland
98%
Chili Chile
96%
Guinée Guinea
96%
États-Unis United States
96%
Fidji Fiji
95%
Cambodge Cambodia
94%
Allemagne Germany
94%
Nouvelle-Zélande New Zealand
94%
Pologne Poland
94%
Tchad Chad
93%
Dominique Dominica
93%
Cap-Vert Cape Verde
92%
Hongrie Hungary
91%
Royaume-Uni United Kingdom
91%
Suède Sweden
88%
Corée du Sud South Korea
84%
Érythrée Eritrea
77%
Lettonie Latvia
71%
Pays-Bas Netherlands
70%
Saint-Marin San Marino
66%
No matching quizzes found
Score Distribution
Percent of People with Each Score
Percentile by Number Answered
Your Score History
You have not taken this quiz